00591cam a22002171 4500001001300000003000400013005001700017008004100034010001700075035001900092040001800111042001200129050001600141100002100157245005400178260006900232300001800301500001700319650002000336999001700356sa 68018513 DLC20260227112712.0770707s1965 io 000 0 ind  asa 68018513  a(OCoLC)3097543 aDLCcOAUdDLC apremarc00aDS231b.U451 aUmar, A. Muʼin.10aSedjarah Arab sebelum Islam,coleh A. Mu'in Umar. aJogjakarta,bStendik Biro Kemahasiswaan IAIN al-Djami'ahc[1965] a52 p.c20 cm. aCover title. 0aArabsxHistory. c88469d88469